Statistiques concernant Les meilleurs buteurs du Bayern Munich depuis 2010

Cliquez ici pour prendre le quiz!

Statistiques générales

  • Ce quiz a été pris 912 fois
  • Le résultat moyen est 14 sur 25

Statistiques - réponses

JoueursButs% Correct
Robert Lewandowski248
100%
Thomas Muller180
99%
Franck Ribery84
95%
Arjen Robben121
94%
Kingsley Coman33
85%
Joshua Kimmich23
84%
Serge Gnabry39
82%
Leon Goretzka18
72%
Mario Gomez99
67%
David Alaba31
60%
Bastian Schweinsteiger34
58%
Mario Gotze36
56%
Thiago Alcantara31
54%
Mario Mandzukic48
52%
Toni Kroos23
51%
Miroslav Klose12
44%
Corentin Tolisso15
37%
Javi Martinez14
35%
Douglas Costa14
34%
Philippe Coutinho11
34%
Arturo Vidal22
27%
James Rodriguez15
27%
Claudio Pizarro25
24%
Xherdan Shaqiri17
13%
Sandro Wagner10
10%

Distribution des résultats

Percentile par nombre de réponses

% des personnes avec chaque résultat

Votre développement - résultats

Vous n’avez pas pris ce quiz